00548nam a2200145 i 4500001000300000245007900003260003000082300007600112650001900188040000800207041000700215080004100222008004100263856009800304bg00aPolska wieś :bwybrane dane o gminach /cGłówny Urząd Statystyczny. aWarszawa :b[GUS],c1995. a435 s.[głównie tabele], [11] k.tabl. kolor. :bmapy, wykr. ;c29 cm. 9aWieśzPolska cBPK0 apl a338.43(438)"1976/1993":311.3(083.41) s pl f |000 0 pol  uhttp://koha.tu.koszalin.pl/cgi-bin/koha/opac-detail.pl?biblionumber=30810yKatalog online BPK